| 000 | 00424nam a2200181Ia 4500 | ||
|---|---|---|---|
| 001 | 8084 | ||
| 005 | 20260306160543.0 | ||
| 008 | 260306t1971||||xx |||||||||||||| ||spa|| | ||
| 041 | _aESP | ||
| 082 |
_a370.1 _bM26 |
||
| 100 |
_aMaritain, Jacques, _eAUT |
||
| 245 | 0 | _aEducation at the crossroads | |
| 260 | _c1971 | ||
| 300 |
_avi, 120 páginas : _c20 cm. |
||
| 650 | _aGEN | ||
| 654 | _aCED | ||
| 942 |
_cLIB _dJUS _fJUS _2ddc _n |
||
| 999 |
_c8084 _d8084 |
||